| 000 | 00659nam a2200181 a 4500 | ||
|---|---|---|---|
| 008 | 130402s2010 ||||||||||||||||| || u | ||
| 020 | _a9780340991077 | ||
| 050 | _aK 14.2 Mar | ||
| 100 | _aGibbins, Mary | ||
| 245 | 1 | 0 |
_aA-Z Law handbook. (4th ed.) _cJacqueline Martin and Mary Gibbins |
| 250 | _a4th ed. | ||
| 260 |
_aUnited Kingdom: _bPhilip Allan Updates _c2010 |
||
| 300 | _aV, 297p.: ill. | ||
| 650 | _aLAW--HANDBOOKS, MANUALS, ETC | ||
| 650 | _aLAW--ENGLAND | ||
| 700 | _aMartin, Jacqueline | ||
| 995 |
_FCBU-MAIN LIBRARY (Kitwe) _M1 _UAVAILABLE _WMay 10, 2013 _ZMain Library Open Access Collection |
||
| 999 |
_c33165 _d33165 |
||